देशराग/ (Record no. 204615)

MARC details
000 -LEADER
fixed length control field 00776nam a22001937a 4500
005 - DATE AND TIME OF LATEST TRANSACTION
control field 20240802131609.0
010 ## - LCCN (DPL NO)
LC control number HIN-128138
020 ## - INTERNATIONAL STANDARD BOOK NUMBER
Terms of availability 200.00
International Standard Book Number 9789388583282
035 ## - SYSTEM CONTROL NUMBER
System control number HN-100484
037 ## - SOURCE OF ACQUISITION
Source of stock number/acquisition DBAD
082 ## - DEWEY DECIMAL CLASSIFICATION NUMBER
Classification number 821
100 ## - MAIN ENTRY--PERSONAL NAME
Personal name मिश्र, गंगा प्रसाद
245 ## - TITLE STATEMENT
Title देशराग/
Remainder of title गंगा प्रसाद मिश्र
250 ## - EDITION STATEMENT
Edition statement प्रथम
260 ## - PUBLICATION, DISTRIBUTION, ETC. (IMPRINT)
Place of publication, distribution, etc नई दिल्ली
Name of publisher, distributor, etc साहित्यभूमि
Date of publication, distribution, etc 2019
270 ## - ADDRESS
Address एन-3/5ए, मोहन गार्डन
City नई दिल्ली
Postal code 110059
Telephone number 7290973151
-- 8383863238
Electronic mail address sahitybhoomi@gmail.com
300 ## - PHYSICAL DESCRIPTION
Extent 76पृ.
Dimensions 22 सेमी. (सजिल्द)
942 ## - ADDED ENTRY ELEMENTS (KOHA)
Source of classification or shelving scheme Dewey Decimal Classification
Item type Hindi Books
Classification part 821
Call number prefix मिश्रगं
Holdings
Withdrawn status Lost status Not for loan Collection code Home library Current library Date acquired Source of acquisition Cost, normal purchase price Full call number Barcode Copy number Cost, replacement price Koha item type
      Non-fiction Patel Nagar Patel Nagar 30/07/2024 DBAD 200.00 821 मिश्रगं HN-100484 1 200.00 Hindi Books

© Delhi Public Library
Hit Counter
free hit counter